000 00325 a2200157 4500
001 190583
020 _a978-1-4240-4653-9
040 _cMagnum
100 _aThomlinson, Julian
240 1 0 _aSoccer crazy
_lING
245 1 0 _aSoccer crazy
300 _a30
362 0 _a2011
697 _aLITERATURA INGLESA
942 _cBK
999 _c190583
_d190583